|
|
|
|
| LEADER |
00000nam a2200000 i 4500 |
| 001 |
in00000000863 |
| 005 |
20251126075720.1 |
| 002 |
526730/С89-351334 |
| 008 |
080213s2005 unr l000 0yrus d |
| 020 |
|
|
|a 9660237782
|c 25.00 грн
|
| 035 |
|
|
|a ( UA-KiNSAL)526730/С89-351334
|
| 040 |
|
|
|a UA-KiNSAL
|b ukr
|c UA-KiNSAL
|
| 080 |
|
|
|a 141.32
|
| 090 |
|
|
|a 141.32
|b С89
|
| 100 |
1 |
|
|a Супиханов, Ш.
|q (Шункар),
|e автор.
|
| 245 |
1 |
0 |
|a Кьеркегор :
|b Экзистенциальная диалектика Сёрена Кьеркегора /
|c Ш. Супиханов; Нац. акад. наук Украины
|
| 260 |
|
|
|a Х.,
|c 2005
|
| 300 |
|
|
|a 384с.
|
| 530 |
|
|
|a Original record
|u https://kubg.libs.net.ua/kubg_recs/0000020176.txt
|
| 650 |
0 |
4 |
|a Філософія
|
| 710 |
2 |
1 |
|a Нац. акад. наук Украины
|
| 942 |
|
|
|2 UDC
|c BK
|
| 952 |
|
|
|b книга
|z 20080213
|i 526730
|j 526730/С89-351334
|o 141.32 С89
|a 3
|g 25.00
|c 1
|
| 952 |
|
|
|b книга
|z 20080321
|i 526731
|j 526730/С89-351334
|o 141.32 С89
|g 25.00
|c 2
|
| 952 |
|
|
|b книга
|z 20080321
|i 526732
|j 526730/С89-351334
|o 141.32 С89
|g 25.00
|c 3
|
| 920 |
|
|
|a PAZK
|
| 961 |
|
|
|a 691
|
| 991 |
0 |
0 |
|a 526730/С89-351334
|
| 997 |
|
|
|a 0000020176
|
| 998 |
|
|
|a 20176
|
| 999 |
f |
f |
|i e0b41f12-8f1a-479c-9d97-26a3200bcc28
|s 9b47b20f-94f7-4093-9339-50deaca806b5
|t 0
|